| 000 | 00957nam a2200241Ia 4500 | ||
|---|---|---|---|
| 003 | OSt | ||
| 005 | 20200825151809.0 | ||
| 008 | 191128s1977 ck fr 001 0 spa d | ||
| 020 | _a8482720348 | ||
| 040 |
_aCO-JMCR _cCO-JMCR |
||
| 041 | 0 | _aspa | |
| 082 | 0 | 4 |
_a350.009 / _bT124e _223 |
| 100 | 1 |
_aTafur Galvis, Álvaro, _eautor _92051 |
|
| 245 | 1 | 4 |
_aLas entidades descentralizadas / _cÁlvaro Tafur Galvis |
| 260 |
_aBogotá : _bTemis, _c1977 |
||
| 300 |
_axiii, 271 páginas ; _c23 cm. |
||
| 500 | _aIncluye índice de disposiciones citadas e índice alfabético de materias. | ||
| 504 | _aBibliografía: páginas 253-256 | ||
| 505 | 0 | _aLos sistemas de organización administrativas -- La noción de persona jurídica pública -- Aspectos generales sobre las entidades descentralizadas -- Fuentes normativas de las entidades descentralizadas | |
| 650 | 1 | 4 |
_aRégimen jurídico _99037 |
| 650 | 1 | 4 |
_aPersona jurídica pública _99231 |
| 942 |
_2ddc _cBK |
||
| 999 |
_c5937 _d5937 |
||